00269nam a2200097Ia 45000010005000000080041000050820025000461000024000712450052000952600024001474069241024s9999 xx 000 0 und d aRD/864.5/SA232b/2015 aJulio Cesar Santana 0aBosch en diálogos imaginarios y otros asuntos bSanto Domingoc2015